Seatac destinations Quiz Stats

 Plays Quiz not verified by Sporcle

Score 0/89 Timer 12:00
0 Plays Today
% Correct
toronto
98%
paris
95.9%
san francisco
93.9%
vancouver
91.8%
denver
91.8%
honolulu
91.8%
los angeles
91.8%
dallas
89.8%
new york
89.8%
calgary
87.8%
anchorage
87.8%
portland
87.8%
london
85.7%
houston
83.7%
las vegas
83.7%
orlando
83.7%
chicago
81.6%
phoenix
81.6%
san diego
81.6%
boise
81.6%
tokyo
81.6%
boston
79.6%
juneau
79.6%
miami
79.6%
spokane
79.6%
reno
79.6%
seoul
79.6%
salt lake city
79.6%
atlanta
77.6%
san jose
77.6%
% Correct
washington
77.6%
minneapolis
75.5%
fairbanks
73.5%
edmonton
73.5%
detroit
73.5%
newark
71.4%
sacramento
71.4%
frankfurt
71.4%
beijing
71.4%
austin
69.4%
victoria
69.4%
philadelphia
69.4%
tucson
67.3%
baltimore
65.3%
billings
65.3%
eugene
65.3%
amsterdam
65.3%
charlotte
65.3%
oakland
63.3%
long beach
63.3%
memphis
61.2%
milwaukee
59.2%
cleveland
59.2%
kansas city
59.2%
nashville
59.2%
fresno
57.1%
cincinnati
57.1%
orange county
55.1%
st louis
55.1%
ontario
53.1%
% Correct
helena
53.1%
missoula
51%
palm springs
49%
bozeman
49%
taipei
49%
burbank
46.9%
yakima
46.9%
osaka
46.9%
kona
44.9%
bellingham
44.9%
medford
42.9%
pullman
40.8%
walla walla
40.8%
reykjavik
38.8%
great falls
36.7%
kahului
34.7%
pasco
32.7%
albuquerque
32.7%
lihue
30.6%
wenatchee
30.6%
santa barbara
28.6%
ketchikan
26.5%
kalispell
26.5%
kelowna
24.5%
santa rosa
24.5%
redmond
22.4%
sun valley
22.4%
guadalajara
16.3%
lewiston
16.3%

You're not logged in!

Compare scores with friends on all Sporcle quizzes.
OR
Log In

You Might Also Like...

Show Comments

Extras

Created Feb 4, 2011ReportNominate
Tags:destination

Top Quizzes Today


Score Distribution

Your Account Isn't Verified!

In order to create a playlist on Sporcle, you need to verify the email address you used during registration. Go to your Sporcle Settings to finish the process.

Report this User

Report this user for behavior that violates our Community Guidelines.

Details: